00538nam a2200181 a 45000010010000000030011000100080041000210350026000620820014000881000021001022450034001232600043001576500018002009420012002189520091002309980020003219990015003410000-8770ELIB.Books110520 1988  a(ELIB.Books)0000-8916 a221 bHin aHinson, David F. aTheology of the Old Testament bQuezon City: New Day Publishers c1988 aOld Testament 2ddccBK 00102ddc4070aKBTSbKBTSd2011-05-20l0p10930r2022-01-22 00:00:00w2022-01-22yBK cbate2011-05-20 c8770d8770